<?xml version="1.0" encoding="UTF-8"?>
<record
    xmlns:xsi="http://www.w3.org/2001/XMLSchema-instance"
    xsi:schemaLocation="http://www.loc.gov/MARC21/slim http://www.loc.gov/standards/marcxml/schema/MARC21slim.xsd"
    xmlns="http://www.loc.gov/MARC21/slim">

  <leader>00700nam a2200253 a 4500</leader>
  <controlfield tag="001">nice12345678</controlfield>
  <controlfield tag="003">IN_TiNIC</controlfield>
  <controlfield tag="005">20260116013734.0</controlfield>
  <controlfield tag="008">050524s1990    alba   grp    000 0 eng  </controlfield>
  <datafield tag="020" ind1=" " ind2=" ">
    <subfield code="a">0791444      </subfield>
    <subfield code="c">1394</subfield>
  </datafield>
  <datafield tag="082" ind1="0" ind2="0">
    <subfield code="a">909.0974927</subfield>
    <subfield code="b">BOU</subfield>
  </datafield>
  <datafield tag="100" ind1=" " ind2=" ">
    <subfield code="a">Boullata, Issa J</subfield>
  </datafield>
  <datafield tag="245" ind1=" " ind2=" ">
    <subfield code="a">Trends and Issues in Contemporary Arab Thought</subfield>
  </datafield>
  <datafield tag="260" ind1=" " ind2=" ">
    <subfield code="a">Albany </subfield>
    <subfield code="b">State University of New York </subfield>
    <subfield code="c">1990</subfield>
  </datafield>
  <datafield tag="300" ind1=" " ind2=" ">
    <subfield code="a">217p</subfield>
  </datafield>
  <datafield tag="500" ind1=" " ind2=" ">
    <subfield code="a">includes index and biblioraphy</subfield>
  </datafield>
  <datafield tag="505" ind1="2" ind2=" ">
    <subfield code="a">Notes, Bibliography, Index</subfield>
  </datafield>
  <datafield tag="650" ind1=" " ind2=" ">
    <subfield code="a">Arab Countries-Intellectual Life</subfield>
  </datafield>
  <datafield tag="650" ind1=" " ind2=" ">
    <subfield code="a">Civilization-Arab</subfield>
  </datafield>
  <datafield tag="700" ind1="1" ind2=" ">
    <subfield code="a">Boullata, Issa J</subfield>
  </datafield>
  <datafield tag="902" ind1=" " ind2=" ">
    <subfield code="b">SRS</subfield>
  </datafield>
  <datafield tag="942" ind1=" " ind2=" ">
    <subfield code="c">BK</subfield>
  </datafield>
  <datafield tag="952" ind1=" " ind2=" ">
    <subfield code="0">0</subfield>
    <subfield code="1">0</subfield>
    <subfield code="4">0</subfield>
    <subfield code="7">0</subfield>
    <subfield code="8">StackRoom-</subfield>
    <subfield code="a">HMI</subfield>
    <subfield code="b">HMI</subfield>
    <subfield code="d">2007-06-05</subfield>
    <subfield code="g">1394.00</subfield>
    <subfield code="l">0</subfield>
    <subfield code="o">909.0974927  BOU</subfield>
    <subfield code="p">018494</subfield>
    <subfield code="r">2007-06-05</subfield>
    <subfield code="v">1394.00</subfield>
    <subfield code="w">2005-05-24</subfield>
    <subfield code="y">BK</subfield>
  </datafield>
  <datafield tag="999" ind1=" " ind2=" ">
    <subfield code="c">12235</subfield>
    <subfield code="d">12235</subfield>
  </datafield>
</record>
